Investičný majetok a jeho odpisovanie
Kategorizácia investičného majetku z daňového hľadiska a jeho odpisovanie. Podmienky odpisovania nehmotného investičného majetku. Majetok vylúčený z odpisovania.
Salvato in:
| Autore principale: | |
|---|---|
| Natura: | Libro |
| Lingua: | slovacco |
| Soggetti: | |
| Tags: |
Nessun Tag, puoi essere il primo ad aggiungerne!!
|
MARC
| LEADER | 00000nam a2200000 4500 | ||
|---|---|---|---|
| 001 | r031805 | ||
| 005 | 20230911131131.7 | ||
| 041 | 0 | |a slo | |
| 044 | |a SK | ||
| 245 | 1 | 0 | |a Investičný majetok a jeho odpisovanie |c Daniel Jánoš |
| 520 | |a Kategorizácia investičného majetku z daňového hľadiska a jeho odpisovanie. Podmienky odpisovania nehmotného investičného majetku. Majetok vylúčený z odpisovania. | ||
| 610 | 2 | 0 | |a majetok investičný |
| 610 | 2 | 0 | |a majetok hmotný |
| 610 | 2 | 0 | |a majetok nehmotný |
| 610 | 2 | 0 | |a odpisy daňové |
| 610 | 2 | 0 | |a vlastníctvo priemyselné |
| 610 | 2 | 0 | |a nehnuteľnosti |
| 610 | 2 | 0 | |a Slovensko |
| 610 | 2 | 0 | |a zákony |
| 610 | 2 | 0 | |a 1992 |
| 100 | 1 | |a Jánoš, Daniel | |